00398nam a2200133Ia 4500008004100000020001800041082001600059100002100075245004600096260002200142300001100164500001600175650007300191120622s9999 xx 000 0 und d a968-18-0235-7 a658.4 B242d aBarcelo, Gabriel aEl dirigente del futuro / Gabriel Barcelo aMéxico : Limusa a213 p. aSin portada a1. EJECUTIVOS \ 2. ADMINISTRACION \ 3. ADMINISTRACION DE PERSONALÌ